[Event "DEM U12 2021"]
[Site "Willingen GER"]
[Date "2021.08.23"]
[Round "2"]
[White "Wunderlich, Elias"]
[Black "Besou, Hussain"]
[Result "1/2-1/2"]
[Termination "normal"]
[Board "2"]
[WhiteElo "1657"]
[BlackElo "1856"]
[WhiteClock "00:16:01"]
[BlackClock "00:12:48"]
[PlyCount "94"]
[WhiteFideId "34608087"]
[BlackFideId "16269950"]
[EventCountry "GER"]
[EventRounds "9"]
[EventType "swiss"]
[EventDate "2021.08.22"]

1. e4 {[%clk 01:30:58]} {[%emt 00:00:01]} c5 {[%clk 01:30:54]} {[%emt
00:00:06]} 2. c3 {[%clk 01:31:24]} {[%emt 00:00:05]} Nf6 {[%clk 01:31:10]}
{[%emt 00:00:13]} 3. e5 {[%clk 01:31:49]} {[%emt 00:00:06]} Nd5 {[%clk
01:31:34]} {[%emt 00:00:05]} 4. d4 {[%clk 01:32:11]} {[%emt 00:00:08]} cxd4
{[%clk 01:31:40]} {[%emt 00:00:24]} 5. Nf3 {[%clk 01:32:35]} {[%emt 00:00:06]}
e6 {[%clk 01:32:02]} {[%emt 00:00:07]} 6. cxd4 {[%clk 01:32:43]} {[%emt
00:00:23]} d6 {[%clk 01:32:25]} {[%emt 00:00:07]} 7. Bc4 {[%clk 01:31:35]}
{[%emt 00:01:37]} Nc6 {[%clk 01:31:51]} {[%emt 00:01:04]} 8. O-O {[%clk
01:31:26]} {[%emt 00:00:40]} Be7 {[%clk 01:31:52]} {[%emt 00:00:29]} 9. a3
{[%clk 01:31:13]} {[%emt 00:00:44]} O-O {[%clk 01:17:05]} {[%emt 00:15:15]} 10.
Qe2 {[%clk 01:31:21]} {[%emt 00:00:23]} Qb6 {[%clk 01:14:23]} {[%emt 00:03:12]}
11. Rd1 {[%clk 01:29:50]} {[%emt 00:02:02]} Na5 {[%clk 01:11:05]} {[%emt
00:03:48]} 12. Bd3 {[%clk 01:29:25]} {[%emt 00:00:55]} Nb3 {[%clk 01:10:54]}
{[%emt 00:00:41]} 13. Ra2 {[%clk 01:29:33]} {[%emt 00:00:22]} Nxc1 {[%clk
01:10:59]} {[%emt 00:00:24]} 14. Rxc1 {[%clk 01:29:45]} {[%emt 00:00:18]} Nf4
{[%clk 01:11:25]} {[%emt 00:00:04]} 15. Qe4 {[%clk 01:27:57]} {[%emt 00:02:18]}
Nxd3 {[%clk 01:11:32]} {[%emt 00:00:22]} 16. Qxd3 {[%clk 01:28:20]} {[%emt
00:00:07]} dxe5 {[%clk 01:11:41]} {[%emt 00:00:21]} 17. dxe5 {[%clk 01:28:16]}
{[%emt 00:00:34]} Rd8 {[%clk 01:11:49]} {[%emt 00:00:21]} 18. Qe2 {[%clk
01:28:16]} {[%emt 00:00:29]} Bd7 {[%clk 01:12:04]} {[%emt 00:00:16]} 19. Nc3
{[%clk 01:28:00]} {[%emt 00:00:46]} Rac8 {[%clk 01:11:16]} {[%emt 00:01:18]}
20. Rd1 {[%clk 01:27:03]} {[%emt 00:01:27]} Bc6 {[%clk 01:11:14]} {[%emt
00:00:32]} 21. Nd2 {[%clk 01:26:35]} {[%emt 00:00:59]} Qc5 {[%clk 01:08:42]}
{[%emt 00:03:01]} 22. Raa1 {[%clk 01:25:43]} {[%emt 00:01:23]} Bg5 {[%clk
01:06:50]} {[%emt 00:02:22]} 23. Nc4 {[%clk 01:13:16]} {[%emt 00:12:57]} Rxd1+
{[%clk 00:55:44]} {[%emt 00:11:35]} 24. Rxd1 {[%clk 01:12:56]} {[%emt
00:00:50]} Bb5 {[%clk 00:56:00]} {[%emt 00:00:15]} 25. Qg4 {[%clk 01:11:12]}
{[%emt 00:02:13]} Bxc4 {[%clk 00:54:41]} {[%emt 00:01:48]} 26. Qxg5 {[%clk
01:10:28]} {[%emt 00:01:15]} f6 {[%clk 00:53:14]} {[%emt 00:01:57]} 27. Qg3
{[%clk 01:04:18]} {[%emt 00:06:40]} Qxe5 {[%clk 00:53:28]} {[%emt 00:00:15]}
28. Qxe5 {[%clk 01:04:03]} {[%emt 00:00:47]} fxe5 {[%clk 00:53:52]} {[%emt
00:00:06]} 29. Re1 {[%clk 00:56:47]} {[%emt 00:07:46]} Rd8 {[%clk 00:53:30]}
{[%emt 00:00:52]} 30. Rxe5 {[%clk 00:54:37]} {[%emt 00:02:40]} Rd2 {[%clk
00:53:30]} {[%emt 00:00:29]} 31. Rc5 {[%clk 00:50:15]} {[%emt 00:04:52]} b5
{[%clk 00:47:24]} {[%emt 00:06:37]} 32. h3 {[%clk 00:44:56]} {[%emt 00:05:50]}
Rxb2 {[%clk 00:47:17]} {[%emt 00:00:37]} 33. Rc8+ {[%clk 00:45:15]} {[%emt
00:00:11]} Kf7 {[%clk 00:47:41]} {[%emt 00:00:06]} 34. Rc7+ {[%clk 00:45:37]}
{[%emt 00:00:08]} Kg6 {[%clk 00:47:01]} {[%emt 00:01:09]} 35. Rxa7 {[%clk
00:45:25]} {[%emt 00:00:42]} Rc2 {[%clk 00:46:35]} {[%emt 00:00:56]} 36. Ne4
{[%clk 00:43:48]} {[%emt 00:02:07]} Rc1+ {[%clk 00:33:59]} {[%emt 00:13:07]}
37. Kh2 {[%clk 00:43:53]} {[%emt 00:00:24]} Rd1 {[%clk 00:34:23]} {[%emt
00:00:06]} 38. Ra5 {[%clk 00:36:42]} {[%emt 00:07:42]} Rd4 {[%clk 00:24:10]}
{[%emt 00:10:43]} 39. f3 {[%clk 00:28:41]} {[%emt 00:08:31]} Rd1 {[%clk
00:22:02]} {[%emt 00:02:38]} 40. Kg3 {[%clk 00:25:15]} {[%emt 00:03:55]} Rd5
{[%clk 00:21:22]} {[%emt 00:01:09]} 41. Nc3 {[%clk 00:23:11]} {[%emt 00:02:35]}
Rg5+ {[%clk 00:20:49]} {[%emt 00:01:03]} 42. Kf2 {[%clk 00:22:43]} {[%emt
00:00:58]} Rf5 {[%clk 00:19:49]} {[%emt 00:01:31]} 43. g4 {[%clk 00:20:34]}
{[%emt 00:02:39]} Rf4 {[%clk 00:17:06]} {[%emt 00:03:13]} 44. Ke3 {[%clk
00:20:10]} {[%emt 00:00:54]} e5 {[%clk 00:15:15]} {[%emt 00:02:21]} 45. Nxb5
{[%clk 00:17:23]} {[%emt 00:03:17]} Bd5 {[%clk 00:15:11]} {[%emt 00:00:35]} 46.
Nd6 {[%clk 00:15:54]} {[%emt 00:01:57]} Rxf3+ {[%clk 00:12:57]} {[%emt
00:02:45]} 47. Ke2 {[%clk 00:16:01]} {[%emt 00:00:23]} Bc6 {[%clk 00:12:48]}
{[%emt 00:00:38]} 1/2-1/2

[Event "DEM U12 2021"]
[Site "Willingen GER"]
[Date "2021.08.23"]
[Round "2"]
[White "Braun, Julian"]
[Black "Neuhoff, Laertes"]
[Result "1-0"]
[Termination "normal"]
[Board "3"]
[WhiteElo "1436"]
[BlackElo "1847"]
[WhiteClock "01:04:45"]
[BlackClock "00:30:30"]
[PlyCount "92"]
[WhiteFideId "16289293"]
[BlackFideId "16279719"]
[EventCountry "GER"]
[EventRounds "9"]
[EventType "swiss"]
[EventDate "2021.08.22"]

1. e4 {[%clk 01:30:59]} e5 {[%clk 01:30:56]} {[%emt 00:00:04]} 2. Nf3 {[%clk
01:31:26]} {[%emt 00:00:03]} Nc6 {[%clk 01:31:19]} {[%emt 00:00:07]} 3. Bc4
{[%clk 01:31:53]} {[%emt 00:00:03]} Bc5 {[%clk 01:31:40]} {[%emt 00:00:09]} 4.
c3 {[%clk 01:32:20]} {[%emt 00:00:04]} Nf6 {[%clk 01:31:56]} {[%emt 00:00:13]}
5. d4 {[%clk 01:32:43]} {[%emt 00:00:06]} exd4 {[%clk 01:32:19]} {[%emt
00:00:07]} 6. e5 {[%clk 01:33:09]} {[%emt 00:00:05]} d5 {[%clk 01:32:30]}
{[%emt 00:00:19]} 7. Bb5 {[%clk 01:33:34]} {[%emt 00:00:05]} Ne4 {[%clk
01:32:39]} {[%emt 00:00:20]} 8. cxd4 {[%clk 01:34:00]} {[%emt 00:00:04]} Bb6
{[%clk 01:32:42]} {[%emt 00:00:27]} 9. Nc3 {[%clk 01:34:24]} {[%emt 00:00:06]}
O-O {[%clk 01:32:46]} {[%emt 00:00:26]} 10. Be3 {[%clk 01:34:46]} {[%emt
00:00:09]} Bg4 {[%clk 01:32:14]} {[%emt 00:01:01]} 11. h3 {[%clk 01:35:10]}
{[%emt 00:00:07]} Bh5 {[%clk 01:32:36]} {[%emt 00:00:09]} 12. Qc2 {[%clk
01:35:31]} {[%emt 00:00:08]} Nxc3 {[%clk 01:32:40]} {[%emt 00:00:25]} 13. bxc3
{[%clk 01:35:47]} {[%emt 00:00:14]} f6 {[%clk 01:32:26]} {[%emt 00:00:44]} 14.
exf6 {[%clk 01:35:41]} {[%emt 00:00:36]} Qxf6 {[%clk 01:30:54]} {[%emt
00:02:00]} 15. Bxc6 {[%clk 01:35:28]} {[%emt 00:00:46]} Bxf3 {[%clk 01:12:17]}
{[%emt 00:19:07]} 16. Bxb7 {[%clk 01:31:46]} {[%emt 00:04:12]} Bxg2 {[%clk
01:10:35]} {[%emt 00:02:11]} 17. Rg1 {[%clk 01:28:04]} {[%emt 00:04:12]} Rab8
{[%clk 01:06:12]} {[%emt 00:04:54]} 18. Rxg2 {[%clk 01:27:35]} {[%emt
00:00:58]} Rxb7 {[%clk 01:06:24]} {[%emt 00:00:18]} 19. O-O-O {[%clk 01:27:06]}
{[%emt 00:00:59]} Ba5 {[%clk 00:50:47]} {[%emt 00:16:08]} 20. Rdg1 {[%clk
01:24:57]} {[%emt 00:02:39]} c5 {[%clk 00:49:47]} {[%emt 00:01:30]} 21. Bg5
{[%clk 01:14:05]} {[%emt 00:11:21]} Qc6 {[%clk 00:35:26]} {[%emt 00:14:52]} 22.
Be3 {[%clk 01:01:19]} {[%emt 00:13:15]} c4 {[%clk 00:28:31]} {[%emt 00:07:26]}
23. h4 {[%clk 00:57:36]} {[%emt 00:04:12]} Qf6 {[%clk 00:18:31]} {[%emt
00:10:30]} 24. h5 {[%clk 00:49:49]} {[%emt 00:08:17]} Rfb8 {[%clk 00:14:59]}
{[%emt 00:04:02]} 25. h6 {[%clk 00:47:20]} {[%emt 00:03:00]} Rb1+ {[%clk
00:12:04]} {[%emt 00:03:25]} 26. Qxb1 {[%clk 00:46:48]} {[%emt 00:01:02]} Rxb1+
{[%clk 00:12:28]} {[%emt 00:00:06]} 27. Kxb1 {[%clk 00:47:08]} {[%emt
00:00:09]} g6 {[%clk 00:02:46]} {[%emt 00:10:13]} 28. Kb2 {[%clk 00:43:59]}
{[%emt 00:03:39]} Qf3 {[%clk 00:02:15]} {[%emt 00:01:01]} 29. Bd2 {[%clk
00:44:01]} {[%emt 00:00:28]} Kf7 {[%clk 00:01:28]} {[%emt 00:01:17]} 30. Rg4
{[%clk 00:43:35]} {[%emt 00:00:56]} Qe2 {[%clk 00:01:17]} {[%emt 00:00:41]} 31.
Rf4+ {[%clk 00:42:53]} {[%emt 00:01:12]} Kg8 {[%clk 00:01:35]} {[%emt
00:00:12]} 32. Kc1 {[%clk 00:42:33]} {[%emt 00:00:50]} Qe7 {[%clk 00:00:58]}
{[%emt 00:01:06]} 33. Re1 {[%clk 00:41:39]} {[%emt 00:01:25]} Qd7 {[%clk
00:01:11]} {[%emt 00:00:17]} 34. Rf6 {[%clk 00:40:22]} {[%emt 00:01:47]} Bc7
{[%clk 00:00:59]} {[%emt 00:00:42]} 35. Rfe6 {[%clk 00:39:56]} {[%emt
00:00:56]} Bd6 {[%clk 00:01:15]} {[%emt 00:00:14]} 36. Kb2 {[%clk 00:38:15]}
{[%emt 00:02:11]} Kf7 {[%clk 00:01:03]} {[%emt 00:00:41]} 37. R6e3 {[%clk
00:37:14]} {[%emt 00:01:30]} Qb5+ {[%clk 00:01:11]} {[%emt 00:00:22]} 38. Ka1
{[%clk 00:37:24]} {[%emt 00:00:21]} g5 {[%clk 00:00:45]} {[%emt 00:00:56]} 39.
Rf3+ {[%clk 00:34:56]} {[%emt 00:02:58]} Bf4 {[%clk 00:01:01]} {[%emt
00:00:14]} 40. Bxf4 {[%clk 00:34:56]} {[%emt 00:00:30]} gxf4 {[%clk 00:01:30]}
41. Rxf4+ {[%clk 00:35:24]} {[%emt 00:00:03]} Kg6 {[%clk 00:01:37]} {[%emt
00:00:23]} 42. Rg1+ {[%clk 00:35:11]} {[%emt 00:00:42]} Kh5 {[%clk 00:01:49]}
{[%emt 00:00:18]} 43. Rf3 {[%clk 00:34:15]} {[%emt 00:01:26]} Qd7 {[%clk
00:00:41]} {[%emt 00:01:38]} 44. Rfg3 {[%clk 00:34:23]} {[%emt 00:00:21]} Qe7
{[%clk 00:29:32]} {[%emt 00:01:39]} 45. Rh3+ {[%clk 01:04:31]} {[%emt
00:00:21]} Qh4 {[%clk 00:30:01]} {[%emt 00:00:02]} 46. Rxh4+ {[%clk 01:04:45]}
{[%emt 00:00:16]} Kxh4 {[%clk 00:30:30]} {[%emt 00:00:01]} 1-0

[Event "DEM U12 2021"]
[Site "Willingen GER"]
[Date "2021.08.23"]
[Round "2"]
[White "Sauer, Tim"]
[Black "Aniol, Nico"]
[Result "1/2-1/2"]
[Termination "normal"]
[Board "4"]
[WhiteElo "1810"]
[BlackElo "1448"]
[WhiteClock "00:01:12"]
[BlackClock "00:26:25"]
[PlyCount "74"]
[WhiteFideId "16265726"]
[BlackFideId "16287096"]
[EventCountry "GER"]
[EventRounds "9"]
[EventType "swiss"]
[EventDate "2021.08.22"]

1. e4 {[%clk 01:30:57]} {[%emt 00:00:01]} c5 {[%clk 01:30:05]} {[%emt
00:00:55]} 2. Nf3 {[%clk 01:31:22]} {[%emt 00:00:06]} Nc6 {[%clk 01:30:08]}
{[%emt 00:00:27]} 3. d4 {[%clk 01:31:43]} {[%emt 00:00:09]} cxd4 {[%clk
01:29:00]} {[%emt 00:01:38]} 4. Nxd4 {[%clk 01:32:03]} {[%emt 00:00:10]} Nf6
{[%clk 01:28:09]} {[%emt 00:01:21]} 5. Nc3 {[%clk 01:30:45]} {[%emt 00:01:47]}
e5 {[%clk 01:26:26]} {[%emt 00:02:14]} 6. Ndb5 {[%clk 01:31:02]} {[%emt
00:00:13]} d6 {[%clk 01:24:57]} {[%emt 00:01:57]} 7. Bg5 {[%clk 01:30:08]}
{[%emt 00:01:25]} a6 {[%clk 01:23:33]} {[%emt 00:01:55]} 8. Na3 {[%clk
01:30:30]} {[%emt 00:00:08]} b5 {[%clk 01:21:58]} {[%emt 00:02:04]} 9. Nd5
{[%emt 00:00:22]} Be7 {[%clk 01:20:00]} {[%emt 00:02:18]} 10. Bxf6 {[%clk
01:31:10]} {[%emt 00:00:10]} Bxf6 {[%clk 01:19:22]} {[%emt 00:01:08]} 11. c3
{[%clk 01:31:23]} {[%emt 00:00:16]} Bg5 {[%clk 01:16:53]} {[%emt 00:02:59]} 12.
Nc2 {[%clk 01:30:21]} {[%emt 00:01:31]} O-O {[%clk 01:12:59]} {[%emt 00:04:19]}
13. a4 {[%clk 01:30:21]} {[%emt 00:00:36]} bxa4 {[%clk 01:10:43]} {[%emt
00:02:46]} 14. Rxa4 {[%clk 01:30:35]} {[%emt 00:00:15]} a5 {[%clk 01:09:23]}
{[%emt 00:01:51]} 15. Bc4 {[%clk 01:28:58]} {[%emt 00:02:07]} Bd7 {[%clk
01:07:23]} {[%emt 00:02:30]} 16. Ra2 {[%clk 01:10:53]} {[%emt 00:18:35]} Kh8
{[%clk 01:03:41]} {[%emt 00:04:12]} 17. h4 {[%clk 01:00:41]} {[%emt 00:10:42]}
Be7 {[%clk 00:59:21]} {[%emt 00:04:51]} 18. Nce3 {[%clk 00:52:51]} {[%emt
00:08:19]} Rb8 {[%clk 00:45:42]} {[%emt 00:14:08]} 19. Nxe7 {[%clk 00:29:56]}
{[%emt 00:23:25]} Qxe7 {[%clk 00:43:37]} {[%emt 00:02:36]} 20. g4 {[%clk
00:28:03]} {[%emt 00:02:22]} Be6 {[%clk 00:40:43]} {[%emt 00:03:25]} 21. Bd5
{[%clk 00:19:10]} {[%emt 00:09:23]} Qc7 {[%clk 00:39:06]} {[%emt 00:02:07]} 22.
g5 {[%clk 00:16:17]} {[%emt 00:03:23]} Ne7 {[%clk 00:37:23]} {[%emt 00:02:14]}
23. O-O {[%clk 00:11:06]} {[%emt 00:05:40]} Ng6 {[%clk 00:34:56]} {[%emt
00:02:57]} 24. Ng2 {[%clk 00:07:33]} {[%emt 00:04:02]} Bh3 {[%clk 00:33:21]}
{[%emt 00:02:07]} 25. Re1 {[%clk 00:02:20]} {[%emt 00:05:43]} Qd7 {[%clk
00:31:35]} {[%emt 00:02:16]} 26. Qf3 {[%clk 00:01:36]} {[%emt 00:01:13]} Bxg2
{[%clk 00:31:17]} {[%emt 00:00:48]} 27. Qxg2 {[%clk 00:01:59]} {[%emt
00:00:08]} Nf4 {[%clk 00:30:02]} {[%emt 00:01:45]} 28. Qg3 {[%clk 00:02:10]}
{[%emt 00:00:18]} Qb5 {[%clk 00:29:54]} {[%emt 00:00:38]} 29. Qf3 {[%clk
00:01:53]} {[%emt 00:00:47]} f6 {[%clk 00:29:41]} {[%emt 00:00:44]} 30. c4
{[%clk 00:02:00]} {[%emt 00:00:24]} Qb4 {[%clk 00:29:43]} {[%emt 00:00:28]} 31.
Qc3 {[%clk 00:02:01]} {[%emt 00:00:28]} fxg5 {[%clk 00:28:06]} {[%emt
00:02:08]} 32. Qxb4 {[%clk 00:01:08]} {[%emt 00:01:23]} Rxb4 {[%clk 00:28:08]}
{[%emt 00:00:27]} 33. hxg5 {[%clk 00:01:06]} {[%emt 00:00:32]} Nd3 {[%clk
00:27:57]} {[%emt 00:00:42]} 34. Re3 {[%clk 00:00:44]} {[%emt 00:00:51]} Nxb2
{[%clk 00:27:08]} {[%emt 00:01:20]} 35. Rxa5 {[%clk 00:00:40]} {[%emt
00:00:34]} Nxc4 {[%clk 00:27:10]} {[%emt 00:00:27]} 36. Rf3 {[%clk 00:00:55]}
{[%emt 00:00:15]} Rd8 {[%clk 00:26:44]} {[%emt 00:00:56]} 37. Ra7 {[%clk
00:01:12]} {[%emt 00:00:14]} Nb6 {[%clk 00:26:25]} {[%emt 00:00:48]} 1/2-1/2

[Event "DEM U12 2021"]
[Site "Willingen GER"]
[Date "2021.08.23"]
[Round "2"]
[White "Burkart, Lloyd Shang"]
[Black "Malinowsky, Levi"]
[Result "0-1"]
[Termination "normal"]
[Board "5"]
[WhiteElo "1569"]
[BlackElo "1593"]
[WhiteClock "00:00:32"]
[BlackClock "00:15:47"]
[PlyCount "128"]
[WhiteFideId "16239059"]
[BlackFideId "16253094"]
[EventCountry "GER"]
[EventRounds "9"]
[EventType "swiss"]
[EventDate "2021.08.22"]

1. d4 {[%clk 01:30:58]} {[%emt 00:00:01]} Nf6 {[%clk 01:30:48]} {[%emt
00:00:12]} 2. c4 {[%clk 01:31:25]} {[%emt 00:00:03]} c5 {[%clk 01:31:02]}
{[%emt 00:00:16]} 3. d5 {[%clk 01:31:32]} {[%emt 00:00:23]} b5 {[%clk
01:30:52]} {[%emt 00:00:40]} 4. Nd2 {[%clk 01:31:11]} {[%emt 00:00:51]} bxc4
{[%clk 01:29:15]} {[%emt 00:02:08]} 5. e4 {[%clk 01:30:13]} {[%emt 00:01:27]}
d6 {[%clk 01:27:44]} {[%emt 00:02:01]} 6. Bxc4 {[%clk 01:30:35]} {[%emt
00:00:08]} g6 {[%clk 01:26:16]} {[%emt 00:01:58]} 7. b3 {[%clk 01:30:10]}
{[%emt 00:00:55]} Bg7 {[%clk 01:25:55]} {[%emt 00:00:50]} 8. Bb2 {[%clk
01:29:52]} {[%emt 00:00:49]} O-O {[%clk 01:24:35]} {[%emt 00:01:50]} 9. Ngf3
{[%clk 01:28:33]} {[%emt 00:01:49]} a5 {[%clk 01:21:47]} {[%emt 00:03:18]} 10.
Qc2 {[%clk 01:27:56]} {[%emt 00:01:07]} Ba6 {[%clk 01:19:44]} {[%emt 00:02:33]}
11. O-O {[%clk 01:26:19]} {[%emt 00:02:07]} Nbd7 {[%clk 01:16:49]} {[%emt
00:03:24]} 12. Rfe1 {[%clk 01:22:11]} {[%emt 00:04:38]} Qc7 {[%clk 01:07:37]}
{[%emt 00:09:41]} 13. h3 {[%clk 01:07:00]} {[%emt 00:15:42]} Nb6 {[%clk
01:03:05]} {[%emt 00:05:01]} 14. Bc3 {[%clk 00:51:40]} {[%emt 00:15:51]} Nxc4
{[%clk 00:59:26]} {[%emt 00:04:09]} 15. Nxc4 {[%clk 00:44:27]} {[%emt
00:07:43]} Bb5 {[%clk 00:57:03]} {[%emt 00:02:53]} 16. a4 {[%clk 00:41:19]}
{[%emt 00:03:38]} Bxc4 {[%clk 00:47:11]} {[%emt 00:10:22]} 17. bxc4 {[%clk
00:41:13]} {[%emt 00:00:35]} Nd7 {[%clk 00:45:03]} {[%emt 00:02:38]} 18. Bxg7
{[%clk 00:40:45]} {[%emt 00:00:58]} Kxg7 {[%clk 00:45:24]} {[%emt 00:00:09]}
19. Qc3+ {[%clk 00:40:40]} {[%emt 00:00:35]} Kg8 {[%clk 00:43:29]} {[%emt
00:02:24]} 20. Reb1 {[%clk 00:39:39]} {[%emt 00:01:32]} f6 {[%clk 00:38:56]}
{[%emt 00:05:03]} 21. Rb5 {[%clk 00:36:23]} {[%emt 00:03:46]} Rfb8 {[%clk
00:37:18]} {[%emt 00:02:08]} 22. Rab1 {[%clk 00:34:36]} {[%emt 00:02:17]} Nb6
{[%clk 00:32:24]} {[%emt 00:05:23]} 23. Qb3 {[%clk 00:32:07]} {[%emt 00:03:00]}
Ra6 {[%clk 00:30:47]} {[%emt 00:02:08]} 24. Ne1 {[%clk 00:29:59]} {[%emt
00:02:38]} Kf7 {[%clk 00:27:53]} {[%emt 00:03:22]} 25. Nd3 {[%clk 00:25:17]}
{[%emt 00:05:13]} Qd7 {[%clk 00:25:31]} {[%emt 00:02:51]} 26. Nf4 {[%clk
00:23:12]} {[%emt 00:02:36]} Qc7 {[%clk 00:20:30]} {[%emt 00:05:29]} 27. Ne6
{[%clk 00:22:13]} {[%emt 00:01:32]} Qd7 {[%clk 00:19:16]} {[%emt 00:01:43]} 28.
Qc2 {[%clk 00:17:27]} {[%emt 00:05:17]} Qc8 {[%clk 00:16:16]} {[%emt 00:03:29]}
29. Qb3 {[%clk 00:12:29]} {[%emt 00:05:29]} Qd7 {[%clk 00:15:48]} {[%emt
00:00:58]} 30. f4 {[%clk 00:11:52]} {[%emt 00:01:07]} Qc8 {[%clk 00:12:28]}
{[%emt 00:03:50]} 31. g4 {[%clk 00:10:55]} {[%emt 00:01:27]} Ke8 {[%clk
00:10:23]} {[%emt 00:02:35]} 32. Kg2 {[%clk 00:08:37]} {[%emt 00:02:48]} Kd7
{[%clk 00:09:53]} {[%emt 00:01:00]} 33. Kf3 {[%clk 00:08:05]} {[%emt 00:01:02]}
Ke8 {[%clk 00:08:47]} {[%emt 00:01:37]} 34. h4 {[%clk 00:07:47]} {[%emt
00:00:49]} h6 {[%clk 00:07:27]} {[%emt 00:01:50]} 35. g5 {[%clk 00:06:01]}
{[%emt 00:02:16]} fxg5 {[%clk 00:06:41]} {[%emt 00:01:15]} 36. hxg5 {[%clk
00:05:51]} {[%emt 00:00:41]} hxg5 {[%clk 00:06:07]} {[%emt 00:01:05]} 37. Nxg5
{[%clk 00:05:43]} {[%emt 00:00:36]} Kd7 {[%clk 00:05:50]} {[%emt 00:00:48]} 38.
Rh1 {[%clk 00:04:57]} {[%emt 00:01:16]} Kc7 {[%clk 00:05:20]} {[%emt 00:01:01]}
39. Ne6+ {[%clk 00:05:05]} {[%emt 00:00:22]} Kb7 {[%clk 00:05:26]} {[%emt
00:00:23]} 40. Rh7 {[%clk 00:03:53]} {[%emt 00:01:42]} Ka7 {[%clk 00:04:21]}
{[%emt 00:01:35]} 41. Rxe7+ {[%clk 00:03:55]} {[%emt 00:00:28]} Rb7 {[%clk
00:04:24]} {[%emt 00:00:27]} 42. Rxb7+ {[%clk 00:04:08]} {[%emt 00:00:18]} Qxb7
{[%clk 00:03:49]} {[%emt 00:01:04]} 43. Nd8 {[%clk 00:04:12]} {[%emt 00:00:26]}
Qh7 {[%clk 00:03:56]} {[%emt 00:00:21]} 44. Nc6+ {[%clk 00:03:36]} {[%emt
00:01:08]} Kb7 {[%clk 00:04:00]} {[%emt 00:00:27]} 45. Kg3 {[%clk 00:01:49]}
{[%emt 00:02:17]} Qh1 {[%clk 00:01:49]} {[%emt 00:02:39]} 46. Nxa5+ {[%clk
00:26:14]} {[%emt 00:06:07]} Kc7 {[%clk 00:30:26]} {[%emt 00:01:53]} 47. Nc6
{[%clk 00:19:10]} {[%emt 00:07:33]} g5 {[%clk 00:28:13]} {[%emt 00:02:44]} 48.
fxg5 {[%clk 00:15:12]} {[%emt 00:04:28]} Qg1+ {[%clk 00:25:36]} {[%emt
00:03:04]} 49. Kf4 {[%clk 00:11:42]} {[%emt 00:04:03]} Ra8 {[%clk 00:22:13]}
{[%emt 00:03:52]} 50. Ne7 {[%clk 00:08:58]} {[%emt 00:03:14]} Rh8 {[%clk
00:18:13]} {[%emt 00:04:29]} 51. Nf5 {[%clk 00:03:52]} {[%emt 00:05:37]} Rh2
{[%clk 00:15:36]} {[%emt 00:03:06]} 52. e5 {[%clk 00:01:03]} {[%emt 00:03:20]}
Rf2+ {[%clk 00:14:47]} {[%emt 00:01:18]} 53. Qf3 {[%clk 00:00:37]} {[%emt
00:00:56]} dxe5+ {[%clk 00:14:27]} {[%emt 00:00:50]} 54. Ke4 {[%clk 00:01:03]}
{[%emt 00:00:04]} Rxf3 {[%clk 00:14:24]} {[%emt 00:00:34]} 55. Kxf3 {[%clk
00:01:27]} {[%emt 00:00:06]} Qxg5 {[%clk 00:14:22]} {[%emt 00:00:32]} 56. Rxc5+
{[%clk 00:01:39]} {[%emt 00:00:19]} Kd8 {[%clk 00:14:03]} {[%emt 00:00:49]} 57.
Ne3 {[%clk 00:01:00]} {[%emt 00:01:08]} Qf4+ {[%clk 00:14:18]} {[%emt
00:00:16]} 58. Ke2 {[%clk 00:01:22]} {[%emt 00:00:08]} Nxa4 {[%clk 00:14:30]}
{[%emt 00:00:18]} 59. Ra5 {[%clk 00:00:58]} {[%emt 00:00:54]} Nc3+ {[%clk
00:14:45]} {[%emt 00:00:14]} 60. Kd2 {[%clk 00:00:50]} {[%emt 00:00:39]} Qd4+
{[%clk 00:15:03]} {[%emt 00:00:13]} 61. Kc2 {[%clk 00:00:56]} {[%emt 00:00:23]}
Qxe3 {[%clk 00:15:18]} {[%emt 00:00:14]} 62. Ra3 {[%clk 00:00:51]} {[%emt
00:00:35]} e4 {[%clk 00:15:24]} {[%emt 00:00:24]} 63. Rxc3 {[%clk 00:01:11]}
{[%emt 00:00:10]} Qe2+ {[%clk 00:15:47]} {[%emt 00:00:08]} 64. Kb3 {[%clk
00:00:32]} {[%emt 00:01:09]} e3 {[%emt 00:00:54]} 0-1